Személyközi konfliktusok
Elmentve itt :
| Szerző: | |
|---|---|
| Dokumentumtípus: | Prezentáció |
| Megjelent: |
2011
|
| Kulcsszavak: | konfliktuskezelés konfliktus pszichológia |
| Tárgyszavak: | |
| Online Access: | http://eta.bibl.u-szeged.hu/4551 |
| LEADER | 00705nnm a2200229 i 4500 | ||
|---|---|---|---|
| 001 | eta4551 | ||
| 005 | 20210106124812.0 | ||
| 008 | 210106s2011 hu o 0|| hun d | ||
| 040 | |a SZTE Elektronikus Tananyag Archívum |b hun | ||
| 041 | |a hun | ||
| 100 | 1 | |a Orosz Gábor | |
| 245 | 1 | 0 | |a Személyközi konfliktusok |h [elektronikus dokumentum] / |c Orosz Gábor |
| 260 | |c 2011 | ||
| 300 | |a 28 | ||
| 516 | |a Presentation | ||
| 650 | 4 | |a Társadalomtudományok | |
| 650 | 4 | |a Pszichológia | |
| 650 | 4 | |a Pszichológia (benne ember-gép kapcsolat) | |
| 695 | |a konfliktuskezelés | ||
| 695 | |a konfliktus | ||
| 695 | |a pszichológia | ||
| 856 | 4 | 0 | |u https://eta.bibl.u-szeged.hu/4551/1/2010-0012_59_09.pdf |z Dokumentum-elérés |